• 首页
  • 本馆介绍
  • 公告通知
  • 最新文献
  • 馆藏检索
  • 电子资源
  • 读者导购
  • 参考咨询
  • 我的图书馆
  • 登录
  • 详细信息显示
  • 放入我的书架
  • 预约/预借图书
  • 作者相关作品
  • 分类相关作品
  • 丛书相关作品
  • 出版社相关作品

书目信息

  • 表格格式
  • 工作单格式
  • 卡片格式
题名:
饥饿的盛世:乾隆时代的得与失:全新修订彩图版
    
 
作者: 张宏杰著
分册:  
出版信息: 重庆   重庆出版社  2016.04
页数: 358页
开本: 24cm
丛书名:
单 册:
中图分类: K249.09
科图分类:
主题词:
电子资源:
ISBN: 978-7-229-10667-6
000 01250nam0 2200241 450
001 393625
005 20160615100213.15
010    @a978-7-229-10667-6@b@dCNY39.80
100    @a20160503d2016 em y0chiy50 ea
101 0  @achi
102    @aCN@b500000
105    @ay z 000yy
106    @ar
200 1  @a饥饿的盛世:乾隆时代的得与失:全新修订彩图版@Aji e de sheng shi:qian long shi dai de de yu shi:quan xin xiu ding cai tu ban@e乾隆时代的得与失@e全新修订彩图版@f张宏杰著@g
210    @a重庆@c重庆出版社@d2016.04
215    @a358页@c@d24cm
330    @a乾隆盛世是传统中国的巅峰,GDP占全球三分之一,国库充盈,四海臣服,威加海内,但光鲜的外表却掩盖不了内在的腐烂。中国历史上最缜密、最完善、最牢固的专制统治,培养出来的民众只能做“奴隶”,自私、麻木、冷漠、对公共事务毫不关心;屈服于皇权淫威的官员们用贪腐侵蚀着帝国的肌体;中国历史上最大规模的文字狱打断了士人的脊骨,从此中国的知识分子再也没能站起来;1793年,马戛尔尼来华,在世界大势面前整个帝国茫然无知,错失了最后一次主动融入世界的机会,种下了鸦片战争的种子。本书为读者描绘了一幅五彩斑斓的“盛世”图景,通过
517 1  @a乾隆时代的得与失
601 02 @a@x中国历史@x清代@j通俗读物
690    @aK249.09@v5
801  0 @aCN@bMUSE@c20181206@g
905    @aBZT@dK249.09@e186
906    @dCNY39.80@n3@r1
    
    饥饿的盛世:乾隆时代的得与失:全新修订彩图版:乾隆时代的得与失:全新修订彩图版/张宏杰著.-重庆:重庆出版社,2016.04
    358页;24cm
    
    
    ISBN 978-7-229-10667-6:CNY39.80
    乾隆盛世是传统中国的巅峰,GDP占全球三分之一,国库充盈,四海臣服,威加海内,但光鲜的外表却掩盖不了内在的腐烂。中国历史上最缜密、最完善、最牢固的专制统治,培养出来的民众只能做“奴隶”,自私、麻木、冷漠、对公共事务毫不关心;屈服于皇权淫威的官员们用贪腐侵蚀着帝国的肌体;中国历史上最大规模的文字狱打断了士人的脊骨,从此中国的知识分子再也没能站起来;1793年,马戛尔尼来华,在世界大势面前整个帝国茫然无知,错失了最后一次主动融入世界的机会,种下了鸦片战争的种子。本书为读者描绘了一幅五彩斑斓的“盛世”图景,通过
●
相关链接 在五车中查询图书 在当当中查询图书 在豆瓣中查询图书


正题名:饥饿的盛世:乾隆时代的得与失:全新修订彩图版     索取号:K249.09/186         预约/预借

序号 登录号 条形码 馆藏地/架位号 状态 备注
1 857670   2000857670   第二书库/ [索取号:K249.09/186] 在馆    
2 857671   2000857671   第二书库/ [索取号:K249.09/186] 在馆    
3 857672   2000857672   第二书库/ [索取号:K249.09/186] 在馆    
山东省滨州职业学院图书馆 欢迎您!
大连网信软件有限公司© 版权所有